01662am a2200385a 44500003000900000005001700009008004100026040001300067245005500080250001200135260011100147300001900258500026800277500013500545504003100680650002800711650002700739650002600766650002300792650002800815650002700843650002700870650002800897650003300925650002800958650002800986653003901014653002501053700003301078700003501111700003101146700003801177700003101215700003001246AR-BaBNM20251128203205.0077019s1971 #AR|||||||||||000 | spa|| cAR-BaBNM10aCómo enseñar a pensarbteoría y aplicación a1ª ed. aBuenos AiresbPaidósbCentro Regional de Ayuda Técnica. Agencia para el Desarrollo Internacionalc1971 a470 p.btablas aEsta publicación ha sido preparada conjuntamente por la editorial y el Centro Regional de Ayuda Técnica, Agencia para el Desarrollo Internacional AID, Departamento de Estado del Gobierno de los Estados Unidos de América. El Centro es una organización dedi aEl ejemplar cuyo número de inventario es 064241 corrresponde a la colección "Creatividad y métodos" de la editorial Paidós aBibliografía: p. 463-470 4aTEORIAS DEL APRENDIZAJE 4aMETODOS DE ENSEÑANZA 4aINTELIGENCIA PRACTICA 4aAPTITUD PEDAGOGICA 4aPROCESO DEL PENSAMIENTO 4aDESARROLLO INTELECTUAL 4aRAZONAMIENTO ABSTRACTO 4aDESARROLLO COGNOSCITIVO 4aDESARROLLO DE LA CREATIVIDAD 4aDESARROLLO DEL LENGUAJE 4aOBJETIVOS EDUCACIONALES aPROCESO DE ENSEÑANZA-APRENDIZAJE aEDUCACION SECUNDARIA1 aRaths, Louis E.ecolaborador1 aWassermann, Selmaecolaborador1 aJonas, Arthurecolaborador1 aRothstein, Arnold M.ecolaborador1 aWadel, Leonardoetraductor1 aMirlas, Leónetraductor